000 00588nam a2200217 a 4500
001 17744
003 CO-ViMGA
008 141112s2004 ck r 000 u spa d
020 _a8424180879
040 _aCO-ViMGA
_bspa
_cCO-ViMGA
082 0 4 _aDUBc
100 1 _aDubovoy, Silvia
_925165
245 1 0 _aCaparazones
260 _aLeón (España),
_cEverest,
_c2002
300 _a41.p.
490 _aAdivina quien es?
590 _aForma de adquisición : Premio - Mincultura
650 1 4 _aANIMALES - CUENTOS INFANTILES
_920047
650 1 4 _aCUENTOS INFANTILES
_92743
942 _2ddc
_cBK
999 _c27220
_d27220